<?xml version="1.0" encoding="UTF-8"?>
<record
    xmlns:xsi="http://www.w3.org/2001/XMLSchema-instance"
    xsi:schemaLocation="http://www.loc.gov/MARC21/slim http://www.loc.gov/standards/marcxml/schema/MARC21slim.xsd"
    xmlns="http://www.loc.gov/MARC21/slim">

  <leader>00671nam a2200229Ia 4500</leader>
  <controlfield tag="003">AR-BeUNQ</controlfield>
  <controlfield tag="005">20250213145928.0</controlfield>
  <controlfield tag="008">221202s9999    xx            000 0 und d</controlfield>
  <datafield tag="020" ind1=" " ind2=" ">
    <subfield code="a">9789500010986</subfield>
  </datafield>
  <datafield tag="040" ind1=" " ind2=" ">
    <subfield code="a">AR-BeUNQ</subfield>
    <subfield code="b">spa</subfield>
    <subfield code="e">aacr</subfield>
    <subfield code="c">AR-BeUNQ</subfield>
  </datafield>
  <datafield tag="110" ind1=" " ind2=" ">
    <subfield code="a">Argentina</subfield>
    <subfield code="b">Ministerio de Educaci&#xF3;n</subfield>
  </datafield>
  <datafield tag="245" ind1=" " ind2="0">
    <subfield code="a">Historia Argentina</subfield>
  </datafield>
  <datafield tag="250" ind1=" " ind2=" ">
    <subfield code="a">1a ed.</subfield>
  </datafield>
  <datafield tag="260" ind1=" " ind2=" ">
    <subfield code="a">Ciudad Aut&#xF3;noma de Buenos Aires</subfield>
    <subfield code="b">Ministerio de Educaci&#xF3;n de la Naci&#xF3;n</subfield>
    <subfield code="c">2015</subfield>
  </datafield>
  <datafield tag="300" ind1=" " ind2=" ">
    <subfield code="a">144 p. :</subfield>
    <subfield code="b">il. ;</subfield>
    <subfield code="c">21 x 29 cm</subfield>
  </datafield>
  <datafield tag="490" ind1=" " ind2=" ">
    <subfield code="a">FINES</subfield>
  </datafield>
  <datafield tag="521" ind1=" " ind2=" ">
    <subfield code="a">juvenil y adultos</subfield>
  </datafield>
  <datafield tag="546" ind1=" " ind2=" ">
    <subfield code="a">Espa&#xF1;ol</subfield>
  </datafield>
  <datafield tag="653" ind1=" " ind2=" ">
    <subfield code="a">Ense&#xF1;anza Media</subfield>
  </datafield>
  <datafield tag="929" ind1=" " ind2=" ">
    <subfield code="b">UNQ</subfield>
    <subfield code="e">2019</subfield>
    <subfield code="a">DONACION</subfield>
    <subfield code="f">PAT0081456</subfield>
    <subfield code="j">61004</subfield>
  </datafield>
  <datafield tag="942" ind1=" " ind2=" ">
    <subfield code="c">LIB</subfield>
    <subfield code="n">0</subfield>
  </datafield>
  <datafield tag="999" ind1=" " ind2=" ">
    <subfield code="c">369</subfield>
    <subfield code="d">369</subfield>
  </datafield>
  <datafield tag="952" ind1=" " ind2=" ">
    <subfield code="0">0</subfield>
    <subfield code="1">0</subfield>
    <subfield code="a">BIBESET</subfield>
    <subfield code="b">BIBESET</subfield>
    <subfield code="c">circulacion</subfield>
    <subfield code="d">2018-11-05</subfield>
    <subfield code="o">982/MIN</subfield>
    <subfield code="p">59741</subfield>
    <subfield code="r">2022-12-02</subfield>
    <subfield code="y">LIB</subfield>
  </datafield>
  <datafield tag="952" ind1=" " ind2=" ">
    <subfield code="0">0</subfield>
    <subfield code="1">0</subfield>
    <subfield code="a">BIBESET</subfield>
    <subfield code="b">BIBESET</subfield>
    <subfield code="c">circulacion</subfield>
    <subfield code="d">2018-11-05</subfield>
    <subfield code="l">0</subfield>
    <subfield code="o">982/MIN</subfield>
    <subfield code="p">60949</subfield>
    <subfield code="r">2023-05-29</subfield>
    <subfield code="w">2023-05-29</subfield>
    <subfield code="y">LIB</subfield>
  </datafield>
  <datafield tag="952" ind1=" " ind2=" ">
    <subfield code="0">0</subfield>
    <subfield code="1">0</subfield>
    <subfield code="a">BIBESET</subfield>
    <subfield code="b">BIBESET</subfield>
    <subfield code="c">circulacion</subfield>
    <subfield code="d">2018-11-05</subfield>
    <subfield code="l">0</subfield>
    <subfield code="o">982/MIN</subfield>
    <subfield code="p">60950</subfield>
    <subfield code="r">2023-05-29</subfield>
    <subfield code="w">2023-05-29</subfield>
    <subfield code="y">LIB</subfield>
  </datafield>
  <datafield tag="952" ind1=" " ind2=" ">
    <subfield code="0">0</subfield>
    <subfield code="1">0</subfield>
    <subfield code="a">BIBESET</subfield>
    <subfield code="b">BIBESET</subfield>
    <subfield code="c">circulacion</subfield>
    <subfield code="d">2018-11-05</subfield>
    <subfield code="l">0</subfield>
    <subfield code="o">982/MIN</subfield>
    <subfield code="p">60951</subfield>
    <subfield code="r">2023-05-29</subfield>
    <subfield code="w">2023-05-29</subfield>
    <subfield code="y">LIB</subfield>
  </datafield>
  <datafield tag="952" ind1=" " ind2=" ">
    <subfield code="0">0</subfield>
    <subfield code="1">0</subfield>
    <subfield code="a">BIBESET</subfield>
    <subfield code="b">BIBESET</subfield>
    <subfield code="c">circulacion</subfield>
    <subfield code="d">2018-11-05</subfield>
    <subfield code="l">0</subfield>
    <subfield code="o">982/MIN</subfield>
    <subfield code="p">60952</subfield>
    <subfield code="r">2023-05-29</subfield>
    <subfield code="w">2023-05-29</subfield>
    <subfield code="y">LIB</subfield>
  </datafield>
  <datafield tag="952" ind1=" " ind2=" ">
    <subfield code="0">0</subfield>
    <subfield code="1">0</subfield>
    <subfield code="a">BIBESET</subfield>
    <subfield code="b">BIBESET</subfield>
    <subfield code="c">circulacion</subfield>
    <subfield code="d">2018-11-05</subfield>
    <subfield code="o">982/MIN</subfield>
    <subfield code="p">60953</subfield>
    <subfield code="r">2023-05-29</subfield>
    <subfield code="y">LIB</subfield>
  </datafield>
  <datafield tag="952" ind1=" " ind2=" ">
    <subfield code="0">0</subfield>
    <subfield code="1">0</subfield>
    <subfield code="a">BIBESET</subfield>
    <subfield code="b">BIBESET</subfield>
    <subfield code="c">circulacion</subfield>
    <subfield code="d">2018-11-05</subfield>
    <subfield code="o">982/MIN</subfield>
    <subfield code="p">60954</subfield>
    <subfield code="r">2023-05-29</subfield>
    <subfield code="y">LIB</subfield>
  </datafield>
  <datafield tag="952" ind1=" " ind2=" ">
    <subfield code="0">0</subfield>
    <subfield code="1">0</subfield>
    <subfield code="a">BIBESET</subfield>
    <subfield code="b">BIBESET</subfield>
    <subfield code="c">circulacion</subfield>
    <subfield code="d">2018-11-05</subfield>
    <subfield code="l">1</subfield>
    <subfield code="o">982/MIN</subfield>
    <subfield code="p">60955</subfield>
    <subfield code="r">2025-10-15</subfield>
    <subfield code="s">2023-08-09</subfield>
    <subfield code="y">LIB</subfield>
  </datafield>
  <datafield tag="952" ind1=" " ind2=" ">
    <subfield code="0">0</subfield>
    <subfield code="1">0</subfield>
    <subfield code="a">BIBESET</subfield>
    <subfield code="b">BIBESET</subfield>
    <subfield code="c">circulacion</subfield>
    <subfield code="d">2018-11-05</subfield>
    <subfield code="o">982/MIN</subfield>
    <subfield code="p">60956</subfield>
    <subfield code="r">2023-05-29</subfield>
    <subfield code="y">LIB</subfield>
  </datafield>
  <datafield tag="952" ind1=" " ind2=" ">
    <subfield code="0">0</subfield>
    <subfield code="1">0</subfield>
    <subfield code="a">BIBESET</subfield>
    <subfield code="b">BIBESET</subfield>
    <subfield code="c">circulacion</subfield>
    <subfield code="d">2018-11-05</subfield>
    <subfield code="o">982/MIN</subfield>
    <subfield code="p">60957</subfield>
    <subfield code="r">2023-05-29</subfield>
    <subfield code="y">LIB</subfield>
  </datafield>
  <datafield tag="952" ind1=" " ind2=" ">
    <subfield code="0">0</subfield>
    <subfield code="1">0</subfield>
    <subfield code="a">BIBESET</subfield>
    <subfield code="b">BIBESET</subfield>
    <subfield code="c">circulacion</subfield>
    <subfield code="d">2018-11-05</subfield>
    <subfield code="o">982/MIN</subfield>
    <subfield code="p">60958</subfield>
    <subfield code="r">2023-05-29</subfield>
    <subfield code="y">LIB</subfield>
  </datafield>
  <datafield tag="952" ind1=" " ind2=" ">
    <subfield code="0">0</subfield>
    <subfield code="1">0</subfield>
    <subfield code="a">BIBESET</subfield>
    <subfield code="b">BIBESET</subfield>
    <subfield code="c">circulacion</subfield>
    <subfield code="d">2018-11-05</subfield>
    <subfield code="o">982/MIN</subfield>
    <subfield code="p">60959</subfield>
    <subfield code="r">2023-05-29</subfield>
    <subfield code="y">LIB</subfield>
  </datafield>
  <datafield tag="952" ind1=" " ind2=" ">
    <subfield code="0">0</subfield>
    <subfield code="1">0</subfield>
    <subfield code="a">BIBESET</subfield>
    <subfield code="b">BIBESET</subfield>
    <subfield code="c">circulacion</subfield>
    <subfield code="d">2018-11-05</subfield>
    <subfield code="o">982/MIN</subfield>
    <subfield code="p">60960</subfield>
    <subfield code="r">2023-05-29</subfield>
    <subfield code="y">LIB</subfield>
  </datafield>
  <datafield tag="952" ind1=" " ind2=" ">
    <subfield code="0">0</subfield>
    <subfield code="1">0</subfield>
    <subfield code="a">BIBESET</subfield>
    <subfield code="b">BIBESET</subfield>
    <subfield code="c">circulacion</subfield>
    <subfield code="d">2018-11-05</subfield>
    <subfield code="o">982/MIN</subfield>
    <subfield code="p">60961</subfield>
    <subfield code="r">2023-05-29</subfield>
    <subfield code="y">LIB</subfield>
  </datafield>
  <datafield tag="952" ind1=" " ind2=" ">
    <subfield code="0">0</subfield>
    <subfield code="1">0</subfield>
    <subfield code="a">BIBESET</subfield>
    <subfield code="b">BIBESET</subfield>
    <subfield code="c">circulacion</subfield>
    <subfield code="d">2018-11-05</subfield>
    <subfield code="o">982/MIN</subfield>
    <subfield code="p">60962</subfield>
    <subfield code="r">2023-05-29</subfield>
    <subfield code="y">LIB</subfield>
  </datafield>
  <datafield tag="952" ind1=" " ind2=" ">
    <subfield code="0">0</subfield>
    <subfield code="1">0</subfield>
    <subfield code="a">BIBESET</subfield>
    <subfield code="b">BIBESET</subfield>
    <subfield code="c">circulacion</subfield>
    <subfield code="d">2023-05-29</subfield>
    <subfield code="o">982/MIN</subfield>
    <subfield code="p">60963</subfield>
    <subfield code="r">2023-05-29</subfield>
    <subfield code="y">LIB</subfield>
  </datafield>
  <datafield tag="952" ind1=" " ind2=" ">
    <subfield code="0">0</subfield>
    <subfield code="1">0</subfield>
    <subfield code="a">BIBESET</subfield>
    <subfield code="b">BIBESET</subfield>
    <subfield code="c">circulacion</subfield>
    <subfield code="d">2023-05-29</subfield>
    <subfield code="o">982/MIN</subfield>
    <subfield code="p">60964</subfield>
    <subfield code="r">2023-05-29</subfield>
    <subfield code="y">LIB</subfield>
  </datafield>
  <datafield tag="952" ind1=" " ind2=" ">
    <subfield code="0">0</subfield>
    <subfield code="1">0</subfield>
    <subfield code="a">BIBESET</subfield>
    <subfield code="b">BIBESET</subfield>
    <subfield code="c">circulacion</subfield>
    <subfield code="d">2023-05-29</subfield>
    <subfield code="l">2</subfield>
    <subfield code="o">982/MIN</subfield>
    <subfield code="p">60965</subfield>
    <subfield code="r">2025-11-27</subfield>
    <subfield code="s">2025-11-27</subfield>
    <subfield code="y">LIB</subfield>
  </datafield>
  <datafield tag="952" ind1=" " ind2=" ">
    <subfield code="0">0</subfield>
    <subfield code="1">0</subfield>
    <subfield code="a">BIBESET</subfield>
    <subfield code="b">BIBESET</subfield>
    <subfield code="c">circulacion</subfield>
    <subfield code="d">2018-11-05</subfield>
    <subfield code="o">982/MIN</subfield>
    <subfield code="p">60966</subfield>
    <subfield code="r">2023-05-29</subfield>
    <subfield code="y">LIB</subfield>
  </datafield>
  <datafield tag="952" ind1=" " ind2=" ">
    <subfield code="0">0</subfield>
    <subfield code="1">0</subfield>
    <subfield code="a">BIBESET</subfield>
    <subfield code="b">BIBESET</subfield>
    <subfield code="c">circulacion</subfield>
    <subfield code="d">2023-05-29</subfield>
    <subfield code="o">982/MIN</subfield>
    <subfield code="p">60967</subfield>
    <subfield code="r">2023-05-29</subfield>
    <subfield code="y">LIB</subfield>
  </datafield>
  <datafield tag="952" ind1=" " ind2=" ">
    <subfield code="0">0</subfield>
    <subfield code="1">0</subfield>
    <subfield code="a">BIBESET</subfield>
    <subfield code="b">BIBESET</subfield>
    <subfield code="c">circulacion</subfield>
    <subfield code="d">2018-11-05</subfield>
    <subfield code="o">982/MIN</subfield>
    <subfield code="p">60968</subfield>
    <subfield code="r">2023-05-29</subfield>
    <subfield code="y">LIB</subfield>
  </datafield>
  <datafield tag="952" ind1=" " ind2=" ">
    <subfield code="0">0</subfield>
    <subfield code="1">0</subfield>
    <subfield code="a">BIBESET</subfield>
    <subfield code="b">BIBESET</subfield>
    <subfield code="c">circulacion</subfield>
    <subfield code="d">2023-05-29</subfield>
    <subfield code="l">2</subfield>
    <subfield code="o">982/MIN</subfield>
    <subfield code="p">60969</subfield>
    <subfield code="r">2025-11-27</subfield>
    <subfield code="s">2025-11-27</subfield>
    <subfield code="y">LIB</subfield>
  </datafield>
  <datafield tag="952" ind1=" " ind2=" ">
    <subfield code="0">0</subfield>
    <subfield code="1">0</subfield>
    <subfield code="a">BIBESET</subfield>
    <subfield code="b">BIBESET</subfield>
    <subfield code="c">circulacion</subfield>
    <subfield code="d">2018-11-05</subfield>
    <subfield code="o">982/MIN</subfield>
    <subfield code="p">60970</subfield>
    <subfield code="r">2023-05-29</subfield>
    <subfield code="y">LIB</subfield>
  </datafield>
  <datafield tag="952" ind1=" " ind2=" ">
    <subfield code="0">0</subfield>
    <subfield code="1">0</subfield>
    <subfield code="a">BIBESET</subfield>
    <subfield code="b">BIBESET</subfield>
    <subfield code="c">circulacion</subfield>
    <subfield code="d">2018-11-05</subfield>
    <subfield code="o">982/MIN</subfield>
    <subfield code="p">60971</subfield>
    <subfield code="r">2023-05-29</subfield>
    <subfield code="y">LIB</subfield>
  </datafield>
  <datafield tag="952" ind1=" " ind2=" ">
    <subfield code="0">0</subfield>
    <subfield code="1">0</subfield>
    <subfield code="a">BIBESET</subfield>
    <subfield code="b">BIBESET</subfield>
    <subfield code="c">circulacion</subfield>
    <subfield code="d">2018-11-05</subfield>
    <subfield code="o">982/MIN</subfield>
    <subfield code="p">60972</subfield>
    <subfield code="r">2023-05-29</subfield>
    <subfield code="y">LIB</subfield>
  </datafield>
  <datafield tag="952" ind1=" " ind2=" ">
    <subfield code="0">0</subfield>
    <subfield code="1">0</subfield>
    <subfield code="a">BIBESET</subfield>
    <subfield code="b">BIBESET</subfield>
    <subfield code="c">circulacion</subfield>
    <subfield code="d">2018-11-05</subfield>
    <subfield code="o">982/MIN</subfield>
    <subfield code="p">60973</subfield>
    <subfield code="r">2023-05-29</subfield>
    <subfield code="y">LIB</subfield>
  </datafield>
  <datafield tag="952" ind1=" " ind2=" ">
    <subfield code="0">0</subfield>
    <subfield code="1">0</subfield>
    <subfield code="a">BIBESET</subfield>
    <subfield code="b">BIBESET</subfield>
    <subfield code="c">circulacion</subfield>
    <subfield code="d">2018-11-05</subfield>
    <subfield code="l">1</subfield>
    <subfield code="o">982/MIN</subfield>
    <subfield code="p">60974</subfield>
    <subfield code="r">2025-11-27</subfield>
    <subfield code="s">2025-11-27</subfield>
    <subfield code="y">LIB</subfield>
  </datafield>
  <datafield tag="952" ind1=" " ind2=" ">
    <subfield code="0">0</subfield>
    <subfield code="1">0</subfield>
    <subfield code="a">BIBESET</subfield>
    <subfield code="b">BIBESET</subfield>
    <subfield code="c">circulacion</subfield>
    <subfield code="d">2018-11-05</subfield>
    <subfield code="o">982/MIN</subfield>
    <subfield code="p">60975</subfield>
    <subfield code="r">2023-05-29</subfield>
    <subfield code="y">LIB</subfield>
  </datafield>
  <datafield tag="952" ind1=" " ind2=" ">
    <subfield code="0">0</subfield>
    <subfield code="1">0</subfield>
    <subfield code="a">BIBESET</subfield>
    <subfield code="b">BIBESET</subfield>
    <subfield code="c">circulacion</subfield>
    <subfield code="d">2018-11-05</subfield>
    <subfield code="l">1</subfield>
    <subfield code="o">982/MIN</subfield>
    <subfield code="p">60976</subfield>
    <subfield code="r">2025-11-27</subfield>
    <subfield code="s">2025-11-25</subfield>
    <subfield code="y">LIB</subfield>
  </datafield>
  <datafield tag="952" ind1=" " ind2=" ">
    <subfield code="0">0</subfield>
    <subfield code="1">0</subfield>
    <subfield code="a">BIBESET</subfield>
    <subfield code="b">BIBESET</subfield>
    <subfield code="c">circulacion</subfield>
    <subfield code="d">2017-08-02</subfield>
    <subfield code="o">982 MIN</subfield>
    <subfield code="p">57247</subfield>
    <subfield code="r">2023-08-09</subfield>
    <subfield code="y">LIB</subfield>
  </datafield>
  <datafield tag="952" ind1=" " ind2=" ">
    <subfield code="0">0</subfield>
    <subfield code="1">0</subfield>
    <subfield code="a">BIBESET</subfield>
    <subfield code="b">BIBESET</subfield>
    <subfield code="c">circulacion</subfield>
    <subfield code="d">2023-08-09</subfield>
    <subfield code="l">0</subfield>
    <subfield code="o">982 MIN</subfield>
    <subfield code="p">57961</subfield>
    <subfield code="r">2023-08-09</subfield>
    <subfield code="w">2023-08-09</subfield>
    <subfield code="y">LIB</subfield>
  </datafield>
  <datafield tag="952" ind1=" " ind2=" ">
    <subfield code="0">0</subfield>
    <subfield code="1">0</subfield>
    <subfield code="a">BIBESET</subfield>
    <subfield code="b">BIBESET</subfield>
    <subfield code="c">circulacion</subfield>
    <subfield code="d">2023-08-09</subfield>
    <subfield code="l">0</subfield>
    <subfield code="o">982 MIN</subfield>
    <subfield code="p">57431</subfield>
    <subfield code="r">2023-08-09</subfield>
    <subfield code="w">2023-08-09</subfield>
    <subfield code="y">LIB</subfield>
  </datafield>
  <datafield tag="952" ind1=" " ind2=" ">
    <subfield code="0">0</subfield>
    <subfield code="1">0</subfield>
    <subfield code="a">BIBESET</subfield>
    <subfield code="b">BIBESET</subfield>
    <subfield code="c">circulacion</subfield>
    <subfield code="d">2023-08-09</subfield>
    <subfield code="l">2</subfield>
    <subfield code="o">982 MIN</subfield>
    <subfield code="p">57429</subfield>
    <subfield code="r">2025-11-27</subfield>
    <subfield code="s">2025-11-27</subfield>
    <subfield code="w">2023-08-09</subfield>
    <subfield code="y">LIB</subfield>
  </datafield>
  <datafield tag="952" ind1=" " ind2=" ">
    <subfield code="0">0</subfield>
    <subfield code="1">0</subfield>
    <subfield code="a">BIBESET</subfield>
    <subfield code="b">BIBESET</subfield>
    <subfield code="c">circulacion</subfield>
    <subfield code="d">2023-08-09</subfield>
    <subfield code="l">0</subfield>
    <subfield code="o">982 MIN</subfield>
    <subfield code="p">57424</subfield>
    <subfield code="r">2023-08-09</subfield>
    <subfield code="w">2023-08-09</subfield>
    <subfield code="y">LIB</subfield>
  </datafield>
  <datafield tag="952" ind1=" " ind2=" ">
    <subfield code="0">0</subfield>
    <subfield code="1">0</subfield>
    <subfield code="a">BIBESET</subfield>
    <subfield code="b">BIBESET</subfield>
    <subfield code="c">circulacion</subfield>
    <subfield code="d">2023-08-09</subfield>
    <subfield code="l">0</subfield>
    <subfield code="o">982 MIN</subfield>
    <subfield code="p">57960</subfield>
    <subfield code="r">2023-08-09</subfield>
    <subfield code="w">2023-08-09</subfield>
    <subfield code="y">LIB</subfield>
  </datafield>
  <datafield tag="952" ind1=" " ind2=" ">
    <subfield code="0">0</subfield>
    <subfield code="1">0</subfield>
    <subfield code="a">BIBESET</subfield>
    <subfield code="b">BIBESET</subfield>
    <subfield code="c">circulacion</subfield>
    <subfield code="d">2023-08-15</subfield>
    <subfield code="o">982 MIN</subfield>
    <subfield code="p">61004</subfield>
    <subfield code="r">2023-08-15</subfield>
    <subfield code="y">LIB</subfield>
  </datafield>
  <datafield tag="952" ind1=" " ind2=" ">
    <subfield code="0">0</subfield>
    <subfield code="1">0</subfield>
    <subfield code="a">BIBESET</subfield>
    <subfield code="b">BIBESET</subfield>
    <subfield code="c">circulacion</subfield>
    <subfield code="d">2023-08-15</subfield>
    <subfield code="l">0</subfield>
    <subfield code="o">982 HIS</subfield>
    <subfield code="p">61003</subfield>
    <subfield code="r">2023-08-15</subfield>
    <subfield code="w">2023-08-15</subfield>
    <subfield code="y">LIB</subfield>
  </datafield>
  <datafield tag="952" ind1=" " ind2=" ">
    <subfield code="0">0</subfield>
    <subfield code="1">0</subfield>
    <subfield code="a">BIBESET</subfield>
    <subfield code="b">BIBESET</subfield>
    <subfield code="c">circulacion</subfield>
    <subfield code="d">2023-08-15</subfield>
    <subfield code="l">1</subfield>
    <subfield code="o">982 HIS</subfield>
    <subfield code="p">61220</subfield>
    <subfield code="r">2025-10-13</subfield>
    <subfield code="s">2025-10-13</subfield>
    <subfield code="w">2023-08-15</subfield>
    <subfield code="y">LIB</subfield>
  </datafield>
  <datafield tag="952" ind1=" " ind2=" ">
    <subfield code="0">0</subfield>
    <subfield code="1">0</subfield>
    <subfield code="a">BIBESET</subfield>
    <subfield code="b">BIBESET</subfield>
    <subfield code="c">circulacion</subfield>
    <subfield code="d">2023-08-15</subfield>
    <subfield code="l">0</subfield>
    <subfield code="o">982 MIN</subfield>
    <subfield code="p">61005</subfield>
    <subfield code="r">2023-08-15</subfield>
    <subfield code="w">2023-08-15</subfield>
    <subfield code="y">LIB</subfield>
  </datafield>
  <datafield tag="952" ind1=" " ind2=" ">
    <subfield code="0">0</subfield>
    <subfield code="1">0</subfield>
    <subfield code="a">BIBESET</subfield>
    <subfield code="b">BIBESET</subfield>
    <subfield code="c">circulacion</subfield>
    <subfield code="d">2023-08-15</subfield>
    <subfield code="o">982 MIN</subfield>
    <subfield code="p">61713</subfield>
    <subfield code="r">2023-08-15</subfield>
    <subfield code="y">LIB</subfield>
  </datafield>
  <datafield tag="952" ind1=" " ind2=" ">
    <subfield code="0">0</subfield>
    <subfield code="1">0</subfield>
    <subfield code="a">BIBESET</subfield>
    <subfield code="b">BIBESET</subfield>
    <subfield code="c">circulacion</subfield>
    <subfield code="d">2018-11-05</subfield>
    <subfield code="l">0</subfield>
    <subfield code="o">982/MIN</subfield>
    <subfield code="p">61715</subfield>
    <subfield code="r">2025-02-13</subfield>
    <subfield code="w">2025-02-13</subfield>
    <subfield code="y">LIB</subfield>
  </datafield>
</record>
